Sowy - quiz - Statystyki

Ogólne statystyki
  • Ten quiz został rozwiązany 7 razy
    6 od ostatniego zresetowania
  • Średni wynik to 7 z 15
Statystyki odpowiedzi
Pytanie Odpowiedź % Poprawnych
Imię sowy Harry'ego Pottera Hedwiga
100%
Największy gatunek sowy na świecie Puchacz
100%
Liczba powiek występujących u sów przy jednym oku 3
80%
Nazwa dźwięku wydawanego przez sowy Pohukiwanie
60%
Gatunek z którego pochodzi ta sowa Sowa śnieżna
60%
Część ciała sów pomagająca przekierowanie dźwięku do uszu, przypominająca twarz Szlara
60%
Liczba gatunków występujących w Polsce - lęgowych oraz pojawiających się sporadycznie 13
40%
Jedyny kontynent na którym nie występują sowy Antarktyda
40%
Dwie główne rodziny sów Puszczykowate
40%
Liczba gatunków sów 256
20%
Ruchliwość mięśni w szyi sowy (w stopniach, w obu kierunkach) 540
20%
Najmniejsza sowa na świecie Kaktusówka
20%
Dwie główne rodziny sów Płomykówkowate
20%
Kategoria taksonomiczna oddzielająca sowy od pozostałych ptaków Rząd
20%
Przybliżony kształt gałki ocznej sów ograniczający ruch gałek w oczodołach Walec
20%
Nie znaleziono quizów pasujących do podanych kryteriów
Rozkład punktacji
Procent ludzi z każdym wynikiem
Percentyl według liczby udzielonych odpowiedzi
Twoja historia wyników
Nie rozwiązałeś tego quizu od ostatniego zresetowania